|
|
|
|
| LEADER |
00000nab a2200000 r4500 |
| 001 |
vtls011835210 |
| 003 |
SK-MaSNL |
| 005 |
20260305032040.0 |
| 008 |
190118c2018 xo mr|p|||||||000 b|slo |
| 015 |
|
|
|a SNBRB2019/01
|
| 038 |
|
|
|a PPPK
|
| 040 |
|
|
|a PPPKCL
|b slo
|e rda
|
| 041 |
0 |
|
|a slo
|
| 043 |
|
|
|a e-xo---
|
| 044 |
|
|
|a xo
|c SK
|
| 072 |
|
7 |
|a 324
|x Voľby, volebné kampane, referendá
|2 konspekt
|
| 080 |
|
|
|a 324:352
|2 2011
|
| 100 |
0 |
|
|a (lum)
|4 aut
|9 1200189
|
| 245 |
1 |
0 |
|a Ďalší škandál v Osturni. Voľby sa možno budú opakovať
|c [autor] (lum)
|
| 336 |
|
|
|a text
|b txt
|2 rdacontent
|
| 337 |
|
|
|a bez média
|b n
|2 rdamedia
|
| 338 |
|
|
|a zväzok
|b nc
|2 rdacarrier
|
| 648 |
|
7 |
|a 10.11.2018
|2 pppkcl
|9 1091654
|
| 650 |
0 |
7 |
|a komunálne voľby
|2 pppkcl
|9 4164
|
| 651 |
|
7 |
|a Osturňa (Slovensko)
|2 pppkcl
|9 54497
|
| 651 |
|
7 |
|a Kežmarok (Slovensko : okres)
|2 pppkcl
|9 51824
|
| 773 |
0 |
|
|t Zamagurské noviny : regionálny mesačník
|g Roč. 7, č. 11 (2018), s. 10-11
|x 1338-8061
|
| 852 |
|
|
|a PPPK
|b KIS3GCP
|
| 999 |
|
|
|c 3318513
|d 3320443
|